Modular E-Commerce Data Warehouse Using Microservices

Dátové sklady sú systémy, ktoré využívajú mnohé spoločnosti na skladovanie veľkého množstva štrukturovaných dát. Mikroslužby umožňujú rozdelenie systému na rôzne časti a ich jednotlivé používanie. Článok popisuje návrh dátového skladu s architektúrou mikroslužieb. Porovnanie s tradičným monolitickým...

Descripción completa

Guardado en:
Detalles Bibliográficos
Autor principal: Žák, Adam
Otros Autores: Bobák, Martin
Formato: Capítulo de libro
Lenguaje:inglés
Materias:
Etiquetas: Agregar Etiqueta
Sin Etiquetas, Sea el primero en etiquetar este registro!

MARC

LEADER 00000naa a2200000 4500
001 0290984
005 20240417075226.0
041 0 |a eng 
044 |a SK 
245 1 0 |a Modular E-Commerce Data Warehouse Using Microservices  |c Adam Žák, Martin Bobák 
520 |a Dátové sklady sú systémy, ktoré využívajú mnohé spoločnosti na skladovanie veľkého množstva štrukturovaných dát. Mikroslužby umožňujú rozdelenie systému na rôzne časti a ich jednotlivé používanie. Článok popisuje návrh dátového skladu s architektúrou mikroslužieb. Porovnanie s tradičným monolitickým skladom. 
610 2 0 |a dáta 
610 2 0 |a služby digitálne 
610 2 0 |a sklady 
610 2 0 |a servery 
610 2 0 |a technológie informačné 
100 1 |a Žák, Adam 
700 1 |a Bobák, Martin